| 000 | 00547nam a22001937a 4500 | ||
|---|---|---|---|
| 003 | UPN | ||
| 005 | 20250813112403.0 | ||
| 008 | 250813s2000 fr|dj||frls||i101 m spa d | ||
| 040 |
_aMX-MxUPN _bspa _cMX-MxUPN |
||
| 041 | _aspa | ||
| 050 |
_aAS4 U8.2 P7.6 _b2000 |
||
| 110 | 2 |
_aUnesco _922938 |
|
| 245 | _aPrograma y presupuesto aprobados para 2000-2001 | ||
| 260 |
_aParís : _bUNESCO, _c2000 |
||
| 300 | _a332 páginas | ||
| 650 | 0 |
_aUNESCO _xProgramas y presupuestos _955990 |
|
| 902 | _aMaiella Martínez / 13082025 | ||
| 942 |
_2lcc _cLIBRO _n0 |
||
| 999 |
_c213735 _d213735 |
||